Design Drawing / (Record no. 10299)
[ view plain ]
| 000 -LEADER | |
|---|---|
| fixed length control field | 01957cam a22003615i 4500 |
| 001 - CONTROL NUMBER | |
| control field | 708206 |
| 003 - CONTROL NUMBER IDENTIFIER | |
| control field | EG-ScBUE |
| 005 - DATE AND TIME OF LATEST TRANSACTION | |
| control field | 20220814093112.0 |
| 006 - FIXED-LENGTH DATA ELEMENTS--ADDITIONAL MATERIAL CHARACTERISTICS--GENERAL INFORMATION | |
| fixed length control field | m||||fq||z 00| 0 |
| 008 - FIXED-LENGTH DATA ELEMENTS--GENERAL INFORMATION | |
| fixed length control field | 970513t19981998nyua f 001 0 eng d |
| 020 ## - INTERNATIONAL STANDARD BOOK NUMBER | |
| International Standard Book Number | 9780471286547 |
| 040 ## - CATALOGING SOURCE | |
| Original cataloging agency | DLC |
| Language of cataloging | eng |
| Description conventions | rda |
| Transcribing agency | DLC |
| Modifying agency | DLC |
| -- | EG-ScBUE |
| 082 04 - DEWEY DECIMAL CLASSIFICATION NUMBER | |
| Classification number | 720.284 |
| Item number | CHI |
| Edition number | 22 |
| 100 1# - MAIN ENTRY--PERSONAL NAME | |
| Personal name | Ching, Francis D. K., |
| Dates associated with a name | 1943- |
| Relator term | author. |
| 9 (RLIN) | 1191 |
| 245 10 - TITLE STATEMENT | |
| Title | Design Drawing / |
| Statement of responsibility, etc | Francis D. K. Ching with Steven P. Juroszek. |
| 264 #1 - PUBLICATION, DISTRIBUTION, ETC. (IMPRINT) | |
| Place of publication, distribution, etc | New York : |
| Name of publisher, distributor, etc | Van Nostrand Reinhold / John Wiley & Sons, INC., |
| Date of publication, distribution, etc | [1998] |
| 264 #4 - PUBLICATION, DISTRIBUTION, ETC. (IMPRINT) | |
| Date of publication, distribution, etc | c1998 |
| 300 ## - PHYSICAL DESCRIPTION | |
| Extent | vi, 346 pages : |
| Other physical details | illustrations ; |
| Dimensions | 28 cm + |
| Accompanying material | 1 CD |
| 336 ## - CONTENT TYPE | |
| Content type term | text |
| Content type code | txt |
| Source | rdacontent |
| 336 ## - CONTENT TYPE | |
| Content type term | three-dimensional moving image |
| Content type code | tdm |
| Source | rdacontent |
| 337 ## - MEDIA TYPE | |
| Media type term | unmediated |
| Media type code | n |
| Source | rdamedia |
| 337 ## - MEDIA TYPE | |
| Media type term | computer |
| Media type code | c |
| Source | rdamedia |
| 338 ## - CARRIER TYPE | |
| Carrier type term | volume |
| Carrier type code | nc |
| Source | rdacarrier |
| 338 ## - CARRIER TYPE | |
| Carrier type term | computer disc |
| Carrier type code | cd |
| Source | rdacarrier |
| 500 ## - GENERAL NOTE | |
| General note | Includes index. |
| 520 ## - SUMMARY, ETC. | |
| Summary, etc | Design Drawing covers the traditional basics of drawing, including line, shape, tone, and space. Different types of artistic conventions such as multiview, paraline, and perspective drawings are also lucidly explained. The final section, "Drawing from the Imagination," fuels the creative spirit to find its own direction. Throughout the book you'll find over 1,500 hand-rendered drawings and exercises which reinforce<br/> |
| 538 ## - SYSTEM DETAILS NOTE | |
| System details note | System requirements: 16 MB RAM; hard disk space available 10 MB; 4X CD-ROM drive; Windows 3.1 or 95: 486DX; 66 MHz (Pentium recommended); 640 X 480 SVGA display/256 Color Sound Blaster compatible sound card and external speakers; or Macintosh system 7 or later: 68040 25MHz or PowerMac 601 (Quadra 650 or PowerMac 6100 or better); 256 colors (640 X 480) monitor; standard internal Mac sound. |
| 650 #7 - SUBJECT ADDED ENTRY--TOPICAL TERM | |
| Topical term or geographic name as entry element | Architectural drawing |
| General subdivision | Technique. |
| Source of heading or term | BUEsh |
| 9 (RLIN) | 1201 |
| 651 ## - SUBJECT ADDED ENTRY--GEOGRAPHIC NAME | |
| Source of heading or term | BUEsh |
| 653 ## - INDEX TERM--UNCONTROLLED | |
| Resource For college | Engineering, Architecture |
| 700 1# - ADDED ENTRY--PERSONAL NAME | |
| Personal name | Juroszek, Steven P. |
| Relator term | author. |
| 9 (RLIN) | 1202 |
| 942 ## - ADDED ENTRY ELEMENTS (KOHA) | |
| Source of classification or shelving scheme | Dewey Decimal Classification |
| Koha item type | Book - Borrowing |
| Withdrawn status | Lost status | Source of classification or shelving scheme | Damaged status | Not for loan | Collection code | Home library | Current library | Shelving location | Date acquired | Source of acquisition | Cost, normal purchase price | Total Checkouts | Total Renewals | Full call number | Barcode | Date last seen | Date checked out | Price effective from | Koha item type |
|---|---|---|---|---|---|---|---|---|---|---|---|---|---|---|---|---|---|---|---|
| Dewey Decimal Classification | Baccah | Central Library | Central Library | Second Floor | 16/11/2008 | 220.00 | 4 | 68 | 720.284 CHI | 000027079 | 15/07/2025 | 20/01/2018 | 16/11/2008 | Book - Borrowing | |||||
| Dewey Decimal Classification | Baccah | Central Library | Central Library | Second Floor | 16/11/2008 | 220.00 | 6 | 2 | 720.284 CHI | 000014236 | 15/07/2025 | 28/10/2021 | 16/11/2008 | Book - Borrowing | |||||
| Dewey Decimal Classification | Baccah | Central Library | Central Library | Second Floor | 16/11/2008 | 220.00 | 5 | 720.284 CHI | 000014237 | 15/07/2025 | 17/09/2013 | 16/11/2008 | NB - Book (Non borrowing) | ||||||
| Dewey Decimal Classification | Central Library | Central Library | Second Floor | 16/11/2008 | 720.284 CHI | 000014238 | 24/08/2022 | 16/11/2008 | CD | DVD - With book (NB) | ||||||||||
| Dewey Decimal Classification | Central Library | Central Library | Second Floor | 16/11/2008 | Purchase | 1 | 720.284 CHI | 000014239 | 24/08/2022 | 22/09/2013 | 16/11/2008 | CD | DVD - With book | |||||||
| Dewey Decimal Classification | Central Library | Central Library | Second Floor | 16/11/2008 | Purchase | 720.284 CHI | 000014240 | 24/08/2022 | 16/11/2008 | CD | DVD - With book | |||||||||
| Dewey Decimal Classification | Baccah | Central Library | Central Library | Second Floor | 04/09/2012 | 720.284 CHI | 000027866 | 24/08/2022 | 04/09/2012 | CD | DVD - With book |